000 00226nam a22000857a 4500
008 161128b xxu||||| |||| 00| 0 eng d
100 _91498
_aTayal.B.B.etal.
245 _aSocial Science-X
260 _aNew Delhi
_bAD Publications
_c2011
999 _c4224
_d4224